000 00270nam a22001217a 4500
008 170601b xxu||||| |||| 00| 0 eng d
041 _aeng
080 _a94(7/8)
100 _a17
101 _aSHH
245 _aTHE UNCERTAIN GIANT 1921-1941
_cADLER,S
942 _2udc
_cBK
999 _c15236
_d15236